සේවක අයිතිවාසිකම්/

Saved in:
Bibliographic Details
Format: Book
Language:Sinhalese
Tags: Add Tag
No Tags, Be the first to tag this record!

MARC

LEADER 00000nam a22000007a 4500
008 260109b |||||||| |||| 00| 0 sin d
041 |h sin  
082 |a 340 
245 |a සේවක අයිතිවාසිකම්/ 
942 |c REF 
999 |c 32418  |d 32418